000 00390nam a2200133 a 4500
999 _c2046
_d2046
020 _a8131707024 (paperback)
020 _a9788131707029 (paperback)
100 _aSchilling
245 0 0 _aFundamentals of Robotics: analysis and control
260 _a[S.l.] :
_bPearson,
300 _a1 v. (unpaged)
856 4 0 _uhttp://www.amazon.com/exec/obidos/ASIN/8131707024/chopaconline-20
942 _cBK